Edición nacional de las obras completas de Menéndez Pelayo : Ensayos de crítica filosófica /
保存先:
| 第一著者: | |
|---|---|
| その他の著者: | |
| フォーマット: | 図書 |
| 言語: | スペイン語 |
| 出版事項: |
Madrid, España :
Consejo Superior de Investigaciones Científicas,
1948, c1948
|
| シリーズ: | (Edición Nacional de las Obras Completas de Menéndez Pelayo ;
43) |
| 主題: | |
| タグ: |
タグなし, このレコードへの初めてのタグを付けませんか!
|
MARC
| LEADER | 00000nam^a2200000^a^4500 | ||
|---|---|---|---|
| 001 | 000380833 | ||
| 005 | 20250521000000.0 | ||
| 009 | 20260310120624.732 | ||
| 037 | |a Acervo ITESO - Biblioteca | ||
| 041 | |a ESP | ||
| 082 | |a 860. 946 |b MEN V. 43 | ||
| 100 | |a Menéndez Pelayo, Marcelino |e (autor) | ||
| 240 | 1 | 1 | |a [Ensayos de crítica filosófica] |
| 245 | 1 | 0 | |a Edición nacional de las obras completas de Menéndez Pelayo : |b Ensayos de crítica filosófica / |c M. Menéndez Pelayo ; ed. de E. Sánchez Reyes ; dir. de Angel González Placencia. |
| 264 | 4 | |a Madrid, España : |b Consejo Superior de Investigaciones Científicas, |c 1948, c1948 | |
| 300 | |a 423 p. | ||
| 336 | |a texto |b txt |2 rdacontenido | ||
| 337 | |a sin mediación |b n |2 rdamedio | ||
| 338 | |a volumen |b nc |2 rdasoporte | ||
| 440 | 1 | |a (Edición Nacional de las Obras Completas de Menéndez Pelayo ; |v 43) | |
| 545 | 0 | |a Marcelino Menéndez Pelayo (1856-1912) fue uno de los máximos exponentes de la historicidad y crítica literaria española. De formación en letras, Menéndez fue un personaje de múltiples facetas, lo mismo escribió poesía, tradujo textos antiguos como desarrolló un pensamiento filosófico y se dedicó a la política. En 1898 fue director de la Biblioteca Nacional de España hasta su muerte, fue miembro de la Real Academia Española y dirigió la Academia de Historia. Su obra se centra principalmente en el estudio de la literatura del mundo hispánico pero también en la historia y el arte español, así como en el desarrollo de la filosofía y el pensamiento cristiano en España. De tendencia liberal pero arraigado en el cristianismo, Menéndez buscó enraizar lo español en la tradición católica de su país desde una visión que resultó una amalgama de tradición y modernismo. Sus obras más importantes son: La ciencia española (1876), Historia de los heterodoxos españoles (1880-1882), Historia de las ideas estéticas españolas (1883-1884) y Antología de poetas líricos castellanos (1890-1908). | |
| 649 | |a XX | ||
| 650 | |a Teólogos Españoles - |x Bibliografías | ||
| 650 | |a Teólogos Españoles - |x Biografías | ||
| 650 | |a Juristas Españoles - |x Bibliografías | ||
| 650 | |a Juristas Españoles - |x Biografías | ||
| 650 | |a Historiadores Españoles - |x Bibliografías | ||
| 650 | |a Historiadores Españoles - |x Biografías | ||
| 650 | |a Filósofos Españoles - |x Biografías | ||
| 650 | |a Filósofos Españoles - |x Discursos | ||
| 650 | |a Religiosos Españoles | ||
| 650 | |a Socráticos | ||
| 650 | |a Escuela Platónica (Academia) | ||
| 650 | |a Empirismo | ||
| 650 | |a Racionalismo | ||
| 650 | |a Filosofía Española - |x Historia y Crítica | ||
| 650 | |a Filosofía Clásica - |x Historia y Crítica | ||
| 650 | |a Filosofía Medieval - |x Historia y Crítica | ||
| 650 | |a Filosofía Alemana - |x Historia y Crítica | ||
| 650 | |a Literatura Española - |y Epoca Clásica, 1500-1700 - |x Historia y Crítica | ||
| 650 | |a Literatura - |x Historia y Crítica | ||
| 650 | |a Vitoria, Francisco de | ||
| 650 | |a Balmes, Jaime | ||
| 700 | |a Sánchez Reyes, Enrique |e (edición) | ||
| 910 | |a Fondo Salvador Reynoso Reynoso | ||
| 920 | |a Impresos - Libros | ||
| 930 | |a Fondos Especiales | ||
| 940 | |a Literatura | ||
| 905 | |a 112 | ||
| 901 | |a 0800006837 |b IT2 |c ESP |u 20250521 | ||
| 902 | |a https://opac.biblio.iteso.mx/vufind/Record/000380833 | ||